Vista normal
Vista MARC
Entrada Personal Name
Número de registros utilizados en: 1
001 - CONTROL NUMBER
- control field: 15990
003 - CONTROL NUMBER IDENTIFIER
- control field: DLC
005 - DATE AND TIME OF LATEST TRANSACTION
- control field: 20240717105217.0
008 - FIXED-LENGTH DATA ELEMENTS
- fixed length control field: 030214n| azannaabn |n aaa
010 ## - LIBRARY OF CONGRESS CONTROL NUMBER
- LC control number: n 2003031306
040 ## - CATALOGING SOURCE
- Original cataloging agency: DLC
- Language of cataloging: spa
- Description conventions: rda
- Transcribing agency: Mx-PuUPA
- Modifying agency: DLC
- Modifying agency: Mx-PuUPA
046 ## - SPECIAL CODED DATES
- Birth date: 1967
053 #0 - LC CLASSIFICATION NUMBER
- Classification number element--single number or beginning number of span: PS3618.O832
100 1# - HEADING--PERSONAL NAME
- Personal name: Rosenberg, Joel C.,
- Dates associated with a name: 1967-
374 ## - OCCUPATION
- Occupation: Autor
375 ## - GENDER
- Gender: hombre
377 ## - ASSOCIATED LANGUAGE
- Language code: eng
670 ## - SOURCE DATA FOUND
- Source citation: LCCN 2002014312: His The last jihad, 2002
- Information found: (usage: Joel C. Rosenberg)
670 ## - SOURCE DATA FOUND
- Source citation: Amazon.com, Feb. 14, 2003
- Information found: (writer and communications strategist; political columnist for World magazine; lives just outside Washington, D.C.)
670 ## - SOURCE DATA FOUND
- Source citation: Email from M. Ohara, Feb. 13, 2003
- Information found: (verso t.p. [CIP data?]: Rosenberg, Joel, 1967- )